| 000 | 00722cam a2200253 4500 | ||
|---|---|---|---|
| 001 | 2673110 | ||
| 005 | 20141103120932.0 | ||
| 008 | 730803s1973 mnu 000 0beng | ||
| 010 | _a 73166127 | ||
| 020 | _a0871230771 | ||
| 040 |
_aDLC _cDLC _dDLC |
||
| 050 | 0 | 0 |
_aRC 263 _b.K83 1973 |
| 100 | 1 | _aKuhlman, Kathryn. | |
| 245 | 1 | 0 |
_aCaptain LeVrier believes in miracles. _cKathryn Kuhlman. |
| 260 |
_aMinneapolis : _bBethany Fellowship, _c1973. |
||
| 300 |
_a87 pages _c18 cm. |
||
| 350 | _a$0.95 | ||
| 490 | 0 | _aDimension books | |
| 600 | 1 | 0 | _aLeVrier, John. |
| 650 | 0 |
_aCancer _xPatients _xBiography. |
|
| 650 | 0 | _aSpiritual healing. | |
| 906 |
_a7 _bcbc _corignew _d2 _encip _f19 _gy-gencatlg |
||
| 942 |
_2lcc _cBK |
||
| 999 |
_c276696 _d276696 |
||